Sports Quiz

Random Sports or Football Quiz

Michigan Football Career Records Quiz Stats

 Plays Quiz not verified by Sporcle

Challenge
Share
Tweet
Embed
Score 0/34 Timer 06:00
0 Plays Today
Statistic Name % Correct
Career Passing AttemptsChad Henne
92.3%
Career Passing CompletionsChad Henne
92.3%
Career Passing InterceptionsChad Henne
92.3%
Career Passing YardsChad Henne
92.3%
Career Passing TouchdownsChad Henne
92.3%
Career Rushing AttemptsMichael Hart
91.2%
Career Rushing Net YearsMichael Hart
91.2%
Career ReceptionsBraylon Edwards
88.6%
Career Receiving YardsBraylon Edwards
88.6%
Career Receiving TouchdownsBraylon Edwards
88.6%
Career Kickoff Return TouchdownsDesmond Howard
76.4%
Career Pass BreakupsTodd Howard
74%
Career PuntsZoltan Mesko
65.5%
Career Punting YardsZoltan Mesko
65.5%
Career Rushing TouchdownsAnthony Thomas
61.3%
Career Punt Return TouchdownsSteve Breaston and Derrick Alexander
61.3%
Career Kickoff ReturnsSteve Breaston
58.4%
Statistic Name % Correct
Career Kickoff Return YardsSteve Breaston
58.4%
Career Punt ReturnsSteve Breaston
58.4%
Career Punt Return YardsSteve Breaston
58.4%
Career Forced FumblesLaMarr Woodley
54.6%
Career Tackles for LossBrandon Graham
44.8%
Career SacksBrandon Graham
39.5%
Career Field Goal AttemptsGarrett Rivas
28.6%
Career Field Goal MadeGarrett Rivas
28.6%
Longest Field Goal MadeHayden Epstein
25.2%
Career Field Goals BlockedHayden Epstein
25.2%
Career Tackles (Solo)Jarrett Irons
20.2%
Career Tackles (Total)Jarrett Irons
20.2%
Career InterceptionsTom Curtis
5%
Career Interception YardsTom Curtis
5%
Career Tackles (Assists)Ron Simpkins
5%
Career Punts BlockedAdam Finley
2.7%
Longest PuntMonte Robbins
2.7%

You're not logged in!

Compare scores with friends on all Sporcle quizzes.
Join for Free
OR
Log In

You Might Also Like...

Show Comments

Extras

Top Quizzes Today


Score Distribution

Your Account Isn't Verified!

In order to create a playlist on Sporcle, you need to verify the email address you used during registration. Go to your Sporcle Settings to finish the process.

Report this User

Report this user for behavior that violates our Community Guidelines.

Details: